| 000 | 00616cam a2200241 i 4500 | ||
|---|---|---|---|
| 001 | 3629898 | ||
| 005 | 20180112035358.0 | ||
| 008 | 741125s1974 enk b 001 0 eng | ||
| 010 | _a 74190090 | ||
| 015 | _aGB*** | ||
| 020 |
_a0198750331 : _c£2.00 |
||
| 020 | _a019875034X (pbk.) | ||
| 040 |
_aDLC _cDLC _dDLC |
||
| 041 | _aeng | ||
| 080 | _a128.3 | ||
| 082 | 0 | 0 | _a128.3 LES |
| 100 | 1 | _a24 | |
| 101 | _aFIL | ||
| 245 | 1 | 0 |
_aSeven theories of human nature / _cLeslie Stevenson. |
| 504 | _aIncludes bibliographies and index. | ||
| 906 |
_a7 _bcbu _corignew _d3 _encip _f19 _gy-gencatlg |
||
| 942 |
_2ddc _cBK |
||
| 999 |
_c40160 _d40160 |
||